000 00468nam a2200181Ia 4500
003 GCL
008 140319s9999 xx 000 0 eng d
040 _aGCL /
_cGCL
082 0 4 _a611.01
_bR C
100 1 _aROMANES, G. J
245 1 0 _aCUNNINGHAM'S MANUAL OF PRACTICAL ANATOMY VOL2, THORAX AND ABDOMEN /
_cROMANES, G. J
260 _a[S.N] :
_bELBS ،
_c1989
300 _a298 P
650 0 4 _aANATOMY
650 0 4 _aABDOMEN
650 0 4 _aTHORAX
942 _2ddc
_cBK
999 _c19852
_d19852